<?xml version="1.0" encoding="UTF-8"?>
<collection xmlns="http://www.loc.gov/MARC21/slim">
 <record>
  <leader>01044nam a22001815  4500</leader>
  <controlfield tag="001">1/16379</controlfield>
  <controlfield tag="008">991022s1999    gr                  gre d</controlfield>
  <datafield tag="020" ind1=" " ind2=" ">
   <subfield code="a">9608041023</subfield>
  </datafield>
  <datafield tag="035" ind1=" " ind2=" ">
   <subfield code="l">16888</subfield>
  </datafield>
  <datafield tag="040" ind1=" " ind2=" ">
   <subfield code="a">GR-PeUP</subfield>
  </datafield>
  <datafield tag="082" ind1="0" ind2="0">
   <subfield code="a">301 ΕΜ</subfield>
  </datafield>
  <datafield tag="245" ind1="0" ind2="0">
   <subfield code="a">Εμείς και οι άλλοι :</subfield>
   <subfield code="b">αναφορές στις τάσεις και τα σύμβολα, με την οικονομική υποστήριξη της Ελληνικής Εθνικής Επιτροπής για την UNESCO /</subfield>
   <subfield code="c">επιμέλεια Χ. Κωνσταντοπούλου, Λ. Μαράτου-Αλιπραντή, Δ. Γερμανός, Θ. Οικονόμου</subfield>
  </datafield>
  <datafield tag="260" ind1=" " ind2=" ">
   <subfield code="a">Αθήνα :</subfield>
   <subfield code="b">Τυπωθήτω Γιώργος Δαρδάνος ,</subfield>
   <subfield code="c">1999</subfield>
  </datafield>
  <datafield tag="300" ind1=" " ind2=" ">
   <subfield code="a">419 σ. ;</subfield>
   <subfield code="c">24 εκ.</subfield>
  </datafield>
  <datafield tag="650" ind1=" " ind2="4">
   <subfield code="a">Κοινωνιολογία.</subfield>
  </datafield>
  <datafield tag="650" ind1=" " ind2="4">
   <subfield code="a">Πολιτιστική πολιτική.</subfield>
  </datafield>
  <datafield tag="700" ind1="1" ind2=" ">
   <subfield code="a">Κωνσταντοπούλου, Χρυσούλα Κ.,</subfield>
   <subfield code="d">1959-</subfield>
   <subfield code="e">επιμ.</subfield>
  </datafield>
  <datafield tag="852" ind1=" " ind2=" ">
   <subfield code="a">INST</subfield>
   <subfield code="b">UNIPILB</subfield>
   <subfield code="c">MAIN</subfield>
   <subfield code="e">20040709</subfield>
   <subfield code="h">301 ΕΜ</subfield>
   <subfield code="p">00132757</subfield>
   <subfield code="q">00132757</subfield>
   <subfield code="t">LOAN</subfield>
   <subfield code="y">0</subfield>
   <subfield code="4">1</subfield>
  </datafield>
 </record>
</collection>
